[Event "Black Knights' Tango"]
[Site "SchemingMind.com"]
[Date "2006.07.12"]
[Round "-"]
[White "Brendan Joseph Birt"]
[Black "Rotceh"]
[Result "1-0"]
[WhiteCountry "USA"]
[BlackCountry "MEX"]
[WhiteElo "1886"]
[WhiteRD "91"]
[BlackElo "1605"]
[BlackRD "65"]
[GameID "59415"]

1. d4 Nf6 2. c4 Nc6 3. Nc3 e5 4. d5 Ne7 5. e4 Ng6 6. Nf3 Bb4 7. Qc2 d6 8. Bd2 O-O 9. Be2 Qd7 10. h3 c6
11. O-O Bxc3 12. bxc3 Qe8 13. Rab1 c5 14. Nh2 Nf4 15. Bxf4 exf4 16. Bf3 b6 17. Rfe1 Qe5 18. a4 Ba6 19. Qd3 Nd7 20. Ng4 Qe7
21. e5 h5 22. exd6 Qxd6 23. Nh2 g6 24. Be2 Ne5 25. Qe4 Nd7 26. Nf3 Rae8 27. Qc2 Ne5 28. Nxe5 Rxe5 29. Bd3 Rfe8 30. Rxe5 Rxe5
31. Kf1 Bc8 32. Re1 Rxe1+ 33. Kxe1 f3 34. Be4 fxg2 35. Bxg2 Qe5+ 36. Kf1 Qf4 37. Qe2 Kf8 38. Qe4 Qc1+ 39. Qe1 Qa3 40. d6 Qxa4
41. Qe7+ Kg7 42. Bd5 Bxh3+ 43. Kg1 Qd7 44. Qe5+ Kf8 45. Qh8#
1-0

[Event "Black Knights' Tango"]
[Site "SchemingMind.com"]
[Date "2006.07.12"]
[Round "-"]
[White "Rotceh"]
[Black "Brendan Joseph Birt"]
[Result "0-1"]
[WhiteCountry "MEX"]
[BlackCountry "USA"]
[WhiteElo "1605"]
[WhiteRD "65"]
[BlackElo "1886"]
[BlackRD "91"]
[GameID "59416"]

1. d4 Nf6 2. c4 Nc6 3. d5 Ne5 4. e4 d6 5. Nc3 e6 6. f4 Ng6 7. dxe6 fxe6 8. Nf3 Be7 9. e5 dxe5 10. Qxd8+ Bxd8
11. fxe5 Ng4 12. Be2 N4xe5 13. Nxe5 Nxe5 14. O-O Rf8 15. Bf4 Nc6 16. Ne4 e5 17. Bg3 Bf6 18. Nxf6+ gxf6 19. Bh5+ Ke7 20. Bf2 b6
21. Bf3 Bb7 22. Bh4 Na5 23. b3 Bxf3 24. Rxf3 Rf7 25. Rd1 Nc6 26. Rfd3 Rd8 27. Rxd8 Nxd8 28. g4 Ne6 29. Kf2 h6 30. Bg3 Nd4
31. Rd2 Ke6 32. Ke3 f5 33. gxf5+ Nxf5+ 34. Kf3 Nxg3+ 35. Kxg3 c6 36. Kg4 e4 37. Re2 Ke5 38. Kh5 Rf6 39. Kg4 Kd4 40. Kg3 e3
41. b4 Kd3 42. Rb2 e2 43. Rb3+ Kc2
0-1

[Event "Black Knights' Tango"]
[Site "SchemingMind.com"]
[Date "2006.07.12"]
[Round "-"]
[White "iluvatar"]
[Black "Brendan Joseph Birt"]
[Result "0-1"]
[WhiteCountry "USA"]
[BlackCountry "USA"]
[WhiteElo "1608"]
[WhiteRD "100"]
[BlackElo "1886"]
[BlackRD "91"]
[GameID "59440"]

1. d4 Nf6 2. c4 Nc6 3. Nc3 d5 4. Bg5 e6 5. a3 Be7 6. e3 O-O 7. c5 h6 8. Bh4 Nh7 9. Bxe7 Qxe7 10. Nf3 f5
11. Bb5 Bd7 12. Bxc6 Bxc6 13. Ne5 Be8 14. Ne2 Ng5 15. Nf4 Kh7 16. f3 Kg8 17. h4 Nh7 18. Nfg6 Bxg6 19. Nxg6 Qf7 20. Nxf8 Rxf8
21. f4 Nf6 22. Qf3 Qd7 23. O-O-O Qb5 24. Qf1 Qb3 25. Qd3 Qa2 26. Qb5 Ne4 27. Rhg1 b6 28. cxb6 cxb6 29. Qc6 Kh8 30. h5 Ng3
31. Rde1 Ne2+ 32. Rxe2 Qa1+ 33. Kd2 Qxg1 34. Qxe6 Qb1 35. Qxd5 Qxb2+ 36. Ke1 Qxa3 37. Qb7 Qb4+ 38. Kf2 a5 39. Qc6 a4 40. Qc2 b5
41. Qa2 a3 42. d5 Qa4 43. d6 b4 44. Rb2 axb2 45. Qxa4= b1=Q 46. d7 Qb2+
0-1

[Event "Black Knights' Tango"]
[Site "SchemingMind.com"]
[Date "2006.07.12"]
[Round "-"]
[White "iluvatar"]
[Black "Rotceh"]
[Result "1-0"]
[WhiteCountry "USA"]
[BlackCountry "MEX"]
[WhiteElo "1608"]
[WhiteRD "100"]
[BlackElo "1605"]
[BlackRD "65"]
[GameID "59441"]

1. d4 Nf6 2. c4 Nc6 3. Nc3 e5 4. d5 Ne7 5. e4 Ng6 6. Bg5 Bb4 7. Bd3 O-O 8. Nf3 c6 9. a3 Bc5 10. O-O d6
11. h3 h6 12. Bxf6 Qxf6 13. b4 Bd4 14. Nxd4 exd4 15. Ne2 Nf4 16. Nxf4 Qxf4 17. Bc2 Qg5 18. Kh2 Qe5+ 19. f4 Qf6 20. Qd3 c5
21. bxc5 dxc5 22. a4 Bd7 23. Rab1 b6 24. Rbe1 Qe7 25. e5 g6 26. Qg3 Kh8 27. Ra1 a6 28. a5 b5 29. Bd3 b4 30. Qe1 Rab8
31. f5 gxf5 32. Bxf5 Bxf5 33. Rxf5 Rg8 34. Rf6 Rg6 35. d6 Qe8 36. Rxg6 fxg6 37. e6 Kg7 38. Qe5+ Kh7 39. d7 Qd8 40. Rf1 h5
41. Rf7+
1-0

[Event "Black Knights' Tango"]
[Site "SchemingMind.com"]
[Date "2006.07.12"]
[Round "-"]
[White "Brendan Joseph Birt"]
[Black "iluvatar"]
[Result "1-0"]
[WhiteCountry "USA"]
[BlackCountry "USA"]
[WhiteElo "1888"]
[WhiteRD "105"]
[BlackElo "1606"]
[BlackRD "114"]
[GameID "59442"]

1. d4 Nf6 2. c4 Nc6 3. Nf3 d5 4. Nc3 Bg4 5. c5 Bxf3 6. exf3 e6 7. Bg5 Be7 8. Bb5 O-O 9. Bxc6 bxc6 10. O-O h6
11. Bh4 Rb8 12. b3 Nd7 13. Bxe7 Qxe7 14. Qd2 Rfe8 15. Ne2 e5 16. Rfe1 exd4 17. Nxd4 Qxc5 18. Rec1 Qf8 19. Rxc6 Rbc8 20. Nb5 Nf6
21. Rac1 Re7 22. g3 Qd8 23. Nxa7
1-0

[Event "Black Knights' Tango"]
[Site "SchemingMind.com"]
[Date "2006.07.12"]
[Round "-"]
[White "Rotceh"]
[Black "iluvatar"]
[Result "1-0"]
[WhiteCountry "MEX"]
[BlackCountry "USA"]
[WhiteElo "1605"]
[WhiteRD "65"]
[BlackElo "1608"]
[BlackRD "100"]
[GameID "59443"]

1. d4 Nf6 2. c4 Nc6 3. d5 Ne5 4. Nc3 d6 5. e4 Bg4 6. Be2 Bxe2 7. Ngxe2 Qd7 8. Bf4 Nxc4 9. Qb3 Nb6 10. O-O g6
11. Ng3 Bg7 12. Qb5 O-O 13. Qe2 a6 14. Qd2 Nc4 15. Qc1 e5 16. Bh6 Bxh6 17. Qxh6 Ne8 18. b3 Nb6 19. Nb1 Ng7 20. Nd2 f5
21. Nf3 fxe4 22. Ng5 Nf5 23. Nxf5 Rxf5 24. Rad1 Qg7 25. Qxg7+ Kxg7 26. Ne6+ Kf6 27. Nxc7 Rc8 28. Rc1 Kg7 29. Ne6+ Kh6 30. Rxc8 Nxc8
31. Re1 Ne7 32. Rxe4 Nxd5 33. Rh4+ Rh5 34. Rxh5+ Kxh5 35. Ng7+ Kg5 36. Ne8 Nc3 37. Nxd6 b5 38. a3 Nb1 39. a4 bxa4 40. bxa4 Nc3=
41. a5 Kf6= 42. Ne8+ Ke7 43. Nc7 Na4 44. Nxa6 Kd7 45. Nb4 Kd6= 46. a6 Kc5 47. a7 Nb6 48. Nd3+ Kd4 49. f4 exf4 50. Nxf4 Ke5
51. g3 Kd6 52. Kf2 Kc6 53. Kf3 Kb7 54. Ke4 Kxa7 55. Ne6 Nd7 56. Ng5 Nf8 57. Ke5 Kb7 58. Kf6
1-0

[Event "Black Knights' Tango"]
[Site "SchemingMind.com"]
[Date "2006.07.13"]
[Round "-"]
[White "MatdeInverses"]
[Black "iluvatar"]
[Result "1-0"]
[WhiteCountry "USA"]
[BlackCountry "USA"]
[WhiteElo "2016"]
[WhiteRD "45"]
[BlackElo "1574"]
[BlackRD "120"]
[GameID "59521"]

1. d4 Nf6 2. c4 Nc6 3. Nc3 d5 4. Nf3 Bg4 5. Ne5 Nxe5 6. dxe5 d4 7. Nb1 Ng8 8. Bf4 e6 9. Qb3 b6 10. g3 Ne7
11. Bg2 Rb8 12. Nd2 g6 13. Bg5 Qd7 14. Ne4 Bg7 15. Nf6+ Bxf6 16. Bxf6 O-O 17. h3 Bxe2 18. Kxe2 Nc6= 19. Rhd1 Na5 20. Qd3 c5
21. b3 Nc6 22. Kf1 h6 23. Qe4 Ne7 24. g4 Kh7 25. Rd3 Ng8 26. h4 Ne7 27. Rh3 Rg8 28. h5 Rbf8 29. Rd1 a5 30. Rdd3 Rb8
31. hxg6+ fxg6 32. Rxh6+
1-0

[Event "Black Knights' Tango"]
[Site "SchemingMind.com"]
[Date "2006.07.13"]
[Round "-"]
[White "MatdeInverses"]
[Black "Brendan Joseph Birt"]
[Result "1-0"]
[WhiteCountry "USA"]
[BlackCountry "USA"]
[WhiteElo "2054"]
[WhiteRD "51"]
[BlackElo "1888"]
[BlackRD "105"]
[GameID "59522"]

1. d4 Nf6 2. c4 Nc6 3. Nc3 d5 4. Nf3 e6 5. Bg5 Be7 6. e3 O-O 7. a3 h6 8. Bh4 dxc4 9. Bxc4 Nd5 10. Bg3 Bf6
11. Qc2 a6 12. Rd1 g6 13. h4 Nce7 14. h5 Bg7 15. hxg6 Nxg6 16. Bd3 Nde7 17. Ne5 Nf5 18. Nxg6 fxg6 19. Be5 Bxe5 20. dxe5 Qg5
21. Ne4 Qxg2 22. Kd2 Rd8 23. Qxc7 Rf8 24. Rdg1
1-0

[Event "Black Knights' Tango"]
[Site "SchemingMind.com"]
[Date "2006.07.13"]
[Round "-"]
[White "MatdeInverses"]
[Black "Rotceh"]
[Result "1-0"]
[WhiteCountry "USA"]
[BlackCountry "MEX"]
[WhiteElo "2016"]
[WhiteRD "45"]
[BlackElo "1493"]
[BlackRD "90"]
[GameID "59523"]

1. d4 Nf6 2. c4 Nc6 3. Nc3 e5 4. d5 Ne7 5. e4 Ng6 6. a3 Bc5 7. b4 Bd4 8. Bd2 Bxc3 9. Bxc3 Nxe4 10. Bb2 Nf6
11. Nf3 d6 12. h4 Bg4 13. Be2 Nf4 14. Kf1 e4 15. Nd4 Nxe2 16. Nxe2 Nh5 17. g3 Qf6 18. Bxf6
1-0

[Event "Black Knights' Tango"]
[Site "SchemingMind.com"]
[Date "2006.07.13"]
[Round "-"]
[White "iluvatar"]
[Black "MatdeInverses"]
[Result "0-1"]
[WhiteCountry "USA"]
[BlackCountry "USA"]
[WhiteElo "1574"]
[WhiteRD "120"]
[BlackElo "2016"]
[BlackRD "45"]
[GameID "59524"]

1. d4 Nf6 2. c4 Nc6 3. Nc3 d5 4. Bg5 dxc4 5. Bxf6 gxf6 6. e3 Rg8 7. Qc2 e5 8. d5 Nb4 9. Qd1 c6 10. e4 cxd5
11. exd5 Bf5 12. Qa4+ Qd7 13. Qxd7+ Kxd7 14. Rd1 Bc2 15. Rd2 Bh6 16. a3 Bxd2+ 17. Kxd2 Bd3 18. Nge2 Na6 19. Ng3 Nc5 20. b4 Nb3+
21. Ke3 Bxf1 22. Rxf1 Nd4 23. Rc1 b5 24. f4 a5 25. fxe5 fxe5 26. Nce4 axb4 27. Nf6+ Kc7 28. Nxg8 bxa3 29. Nf6 a2 30. Nge4 Nf5+
31. Kf3 a1=Q 32. Rxa1 Rxa1 33. Kg4 Nd6 34. Nxd6 Kxd6
0-1

[Event "Black Knights' Tango"]
[Site "SchemingMind.com"]
[Date "2006.07.13"]
[Round "-"]
[White "Brendan Joseph Birt"]
[Black "MatdeInverses"]
[Result "1/2-1/2"]
[WhiteCountry "USA"]
[BlackCountry "USA"]
[WhiteElo "1888"]
[WhiteRD "105"]
[BlackElo "2054"]
[BlackRD "51"]
[GameID "59525"]

1. d4 Nf6 2. c4 Nc6 3. Nf3 d5 4. Nc3 Bg4 5. e3 e5 6. dxe5 Nxe5 7. Be2 Bxf3 8. Bxf3 dxc4 9. Qxd8+ Rxd8 10. Bxb7 Rb8
11. Bf3 Nd3+ 12. Ke2 Nxc1+ 13. Raxc1 Rxb2+ 14. Kd1 Bb4 15. Rc2 Bxc3 16. Rxc3 Rxa2 17. Rxc4 O-O 18. Re1 Rc8 19. Re2 Rxe2 20. Kxe2 c5
21. Kd3 Kf8 22. Ra4 Rc7 23. Kc4 Ke7= 24. Ra5 Nd7=
1/2-1/2

[Event "Black Knights' Tango"]
[Site "SchemingMind.com"]
[Date "2006.07.17"]
[Round "-"]
[White "Rotceh"]
[Black "MatdeInverses"]
[Result "0-1"]
[WhiteCountry "MEX"]
[BlackCountry "USA"]
[WhiteElo "1560"]
[WhiteRD "74"]
[BlackElo "2054"]
[BlackRD "51"]
[GameID "59526"]

1. d4 Nf6 2. c4 Nc6 3. d5 Nb8 4. Nc3 d6 5. e4 e5 6. Nf3 Be7 7. Bd3 c6 8. b4 Qc7 9. Qb3 Nbd7 10. Be3 h6
11. dxc6 bxc6 12. a4 g5 13. b5 Bb7 14. a5 c5 15. h3 Nh5 16. a6 Bc8 17. Be2 Nf4 18. Bxf4 gxf4 19. Nd5 Qd8 20. g4 Nf6
21. Nxf6+ Bxf6 22. h4 Bxg4 23. Nh2 Be6 24. h5 Rg8 25. f3 Bh4+ 26. Kd2 Bf2 27. Nf1 Bd4 28. Rb1 Qa5+ 29. Kd1 Ke7 30. Qc2 Rg2
31. Nd2 Rag8 32. Nb3 Rg1+ 33. Rxg1 Rxg1+ 34. Bf1 Rxf1+ 35. Ke2 Rf2+ 36. Kd1 Rf1+ 37. Ke2 Bxc4+ 38. Qxc4 Qa2+
0-1

[Event "Black Knights' Tango"]
[Site "SchemingMind.com"]
[Date "2006.07.14"]
[Round "-"]
[White "cnile"]
[Black "iluvatar"]
[Result "0-1"]
[WhiteCountry "SCO"]
[BlackCountry "USA"]
[WhiteElo "1406"]
[WhiteRD "80"]
[BlackElo "1608"]
[BlackRD "100"]
[GameID "59531"]

1. d4 Nf6 2. c4 Nc6 3. Nf3 d5 4. e3 Bg4 5. Nc3 e6 6. cxd5 Nxd5 7. Qb3 Bb4 8. Nd2 Bxc3 9. bxc3 Rb8 10. Ba3 Nde7
11. Bb5 O-O 12. O-O a6 13. Bd3 Re8 14. f3 Bh5 15. Qc2 Bg6 16. e4 f6 17. Rae1 e5 18. d5 Na7 19. c4 Nec8 20. Nb3 Nd6
21. Nc5 Bf7 22. f4 Nac8 23. fxe5 Rxe5 24. Bb2 Re8 25. e5 fxe5 26. Bxh7+ Kh8 27. Bxe5 Ra8 28. Rf3 Qg5 29. Bxg7+ Qxg7 30. Rg3 Rxe1+
31. Kf2 Qe5 32. Nd7 Re2+ 33. Qxe2 Qxe2+ 34. Kxe2 Kxh7 35. Nf6+ Kh8 36. Rh3+ Kg7
0-1

[Event "Black Knights' Tango"]
[Site "SchemingMind.com"]
[Date "2006.07.14"]
[Round "-"]
[White "cnile"]
[Black "Brendan Joseph Birt"]
[Result "0-1"]
[WhiteCountry "SCO"]
[BlackCountry "USA"]
[WhiteElo "1406"]
[WhiteRD "80"]
[BlackElo "1886"]
[BlackRD "91"]
[GameID "59532"]

1. d4 Nf6 2. c4 Nc6 3. Nf3 d5 4. e3 Bg4 5. Nc3 e6 6. cxd5 Nxd5 7. Qb3 Rb8 8. Be2 Be7 9. O-O O-O 10. h3 Bh5
11. Bd2 a6 12. a3 b5 13. Rac1 Na5 14. Qd1 Nc4 15. Bxc4 bxc4 16. Ne4 Rxb2 17. Rxc4 Bxf3 18. Qxf3 f5 19. Bb4 Nxb4 20. Rfc1 fxe4
21. Qxe4 Nd5 22. Qxe6+ Kh8 23. e4 Rfxf2 24. exd5 Rxg2+ 25. Kh1 Rh2+ 26. Kg1 Rbg2+ 27. Kf1 Qf8+ 28. Ke1 Rh1#
0-1

[Event "Black Knights' Tango"]
[Site "SchemingMind.com"]
[Date "2006.07.14"]
[Round "-"]
[White "cnile"]
[Black "MatdeInverses"]
[Result "1-0"]
[WhiteCountry "SCO"]
[BlackCountry "USA"]
[WhiteElo "1476"]
[WhiteRD "77"]
[BlackElo "1714"]
[BlackRD "56"]
[GameID "59533"]

1. d4 Nf6 2. c4 Nc6 3. Nf3 d5 4. e3 Bg4 5. Nc3 e5 6. cxd5 Nxd5 7. Qb3 Nxc3 8. bxc3 Bxf3 9. gxf3 Qd7 10. Bb5 O-O-O
11. Rg1 exd4 12. cxd4 Bb4+ 13. Bd2 Bxd2+ 14. Kxd2 Qd6 15. Bxc6 Qxc6 16. Rgc1 Qxf3 17. Ke1 Rxd4 18. Rab1 Rhd8 19. Qc3
1-0

[Event "Black Knights' Tango"]
[Site "SchemingMind.com"]
[Date "2006.07.14"]
[Round "-"]
[White "cnile"]
[Black "Rotceh"]
[Result "0-1"]
[WhiteCountry "SCO"]
[BlackCountry "MEX"]
[WhiteElo "1413"]
[WhiteRD "78"]
[BlackElo "1560"]
[BlackRD "74"]
[GameID "59534"]

1. d4 Nf6 2. c4 Nc6 3. Nf3 d6 4. Bg5 Ne4 5. Bf4 Bf5 6. e3 f6 7. Nbd2 e5 8. dxe5 Nxd2 9. Qxd2 dxe5 10. Qxd8+ Rxd8
11. Bg3 Bb4+ 12. Nd2 Bxd2+ 13. Ke2 O-O 14. Kf3 Bg6 15. Be2 Bh5+ 16. Ke4 f5#
0-1

[Event "Black Knights' Tango"]
[Site "SchemingMind.com"]
[Date "2006.07.13"]
[Round "-"]
[White "iluvatar"]
[Black "cnile"]
[Result "1-0"]
[WhiteCountry "USA"]
[BlackCountry "SCO"]
[WhiteElo "1606"]
[WhiteRD "114"]
[BlackElo "1413"]
[BlackRD "78"]
[GameID "59535"]

1. d4 Nf6 2. c4 Nc6 3. Nc3 e5 4. d5 Ne7 5. Bg5 Ng6 6. e4 Bb4 7. Nf3 d6 8. Qa4+ b5 9. Qxb4 bxc4 10. Bxc4 Bg4
11. Qa4+ Kf8 12. Bxf6 Qxf6 13. Be2 Nf4 14. Rg1 h5 15. Qc6 Rb8 16. O-O-O Bxf3 17. gxf3 Nh3 18. Rgf1 Qf4+ 19. Kb1 Rh6 20. Qxc7 Rb6
21. Qc8+ Ke7 22. Qxh3
1-0

[Event "Black Knights' Tango"]
[Site "SchemingMind.com"]
[Date "2006.07.14"]
[Round "-"]
[White "Brendan Joseph Birt"]
[Black "cnile"]
[Result "1-0"]
[WhiteCountry "USA"]
[BlackCountry "SCO"]
[WhiteElo "1858"]
[WhiteRD "90"]
[BlackElo "1476"]
[BlackRD "77"]
[GameID "59536"]

1. d4 Nf6 2. c4 Nc6 3. Nc3 e5 4. d5 Ne7 5. e4 Ng6 6. Nf3 Bc5 7. Be2 d6 8. O-O O-O 9. Bg5 h6 10. Bd2 Bd7
11. a3 a6 12. b4 Ba7 13. Qc1 h5 14. Bg5 Nf4 15. Bxf4 exf4 16. Qxf4 Re8 17. h3 Qc8 18. Bd3 Bxh3 19. gxh3 Qxh3 20. Ne2 Ng4
21. Qg3 Qxg3+ 22. Nxg3 g6 23. Rac1 c5 24. dxc6 bxc6 25. c5 dxc5 26. bxc5 Rad8 27. Bb1 Bb8 28. Ne2 Bc7 29. Rcd1 Bb8 30. Ned4 Ba7
31. Nb3 Rxd1 32. Rxd1 Bb8 33. Na5 Be5 34. Nxc6 Bb2 35. Rd8 Rxd8 36. Nxd8 Bxa3 37. Nb7 a5 38. c6 Bc5 39. Nxc5 Kg7 40. c7
1-0

[Event "Black Knights' Tango"]
[Site "SchemingMind.com"]
[Date "2006.07.13"]
[Round "-"]
[White "MatdeInverses"]
[Black "cnile"]
[Result "0-1"]
[WhiteCountry "USA"]
[BlackCountry "SCO"]
[WhiteElo "1714"]
[WhiteRD "56"]
[BlackElo "1476"]
[BlackRD "77"]
[GameID "59537"]

1. d4 Nf6 2. c4 Nc6 3. Nf3 e6 4. Nc3 Bb4 5. Qc2 d6 6. e4 O-O 7. Bd3 e5 8. dxe5 Nxe5 9. Nxe5 dxe5 10. Bg5 Be6
11. O-O-O Be7 12. f4 Ng4 13. Bxe7 Qxe7 14. f5 Bd7 15. Nd5 Qg5+ 16. Kb1 c6 17. h4 Qd8 18. Qe2 h5 19. Ne3 Nf6
0-1

[Event "Black Knights' Tango"]
[Site "SchemingMind.com"]
[Date "2006.07.15"]
[Round "-"]
[White "Erhaem"]
[Black "iluvatar"]
[Result "1-0"]
[WhiteCountry "NED"]
[BlackCountry "USA"]
[WhiteElo "2061"]
[WhiteRD "62"]
[BlackElo "1608"]
[BlackRD "100"]
[GameID "59910"]

1. d4 Nf6 2. c4 Nc6 3. Nf3 d5 4. Nc3 Bg4 5. cxd5 Nxd5 6. e4 Nxc3 7. bxc3 e6 8. Rb1 Rb8 9. Qa4 Bxf3 10. gxf3 Qd7
11. Bb5 Ra8 12. c4 Qd6 13. d5 exd5 14. cxd5 Be7 15. dxc6 b6 16. Qd1 O-O 17. Qxd6 Bxd6 18. O-O h6 19. Rd1 Rfe8 20. Bc4 Kf8
21. Rd5 g6 22. Bxh6+
1-0

[Event "Black Knights' Tango"]
[Site "SchemingMind.com"]
[Date "2006.07.15"]
[Round "-"]
[White "Erhaem"]
[Black "Brendan Joseph Birt"]
[Result "1-0"]
[WhiteCountry "NED"]
[BlackCountry "USA"]
[WhiteElo "2083"]
[WhiteRD "67"]
[BlackElo "1833"]
[BlackRD "89"]
[GameID "59911"]

1. d4 Nf6 2. c4 Nc6 3. Nf3 d5 4. Nc3 e6 5. Bg5 Be7 6. e3 O-O 7. Bd3 dxc4 8. Bxc4 Nd5 9. Bxe7 Ncxe7 10. O-O b6
11. Nxd5 exd5 12. Bd3 Ng6 13. Qc2 a5 14. Rac1 Ra7 15. Rfe1 Re8 16. Bxg6 hxg6 17. Ne5 Bd7 18. Qb3 c6 19. Nxc6 Bxc6 20. Rxc6 Re6
21. Rxe6 fxe6 22. e4 Rb7 23. exd5 Qxd5 24. Rxe6 Qxb3 25. axb3 Rc7 26. f3 Rc1+ 27. Kf2 Rc2+ 28. Re2 Rc6 29. Ke3 Kf7 30. d5 Rd6
31. Kd4 Kf6 32. Rc2 g5 33. Rc6 Rxc6 34. dxc6 Ke6 35. Kc4 Kd6 36. Kb5 Kc7 37. g3 g6 38. h3
1-0

[Event "Black Knights' Tango"]
[Site "SchemingMind.com"]
[Date "2006.07.15"]
[Round "-"]
[White "Erhaem"]
[Black "MatdeInverses"]
[Result "1-0"]
[WhiteCountry "NED"]
[BlackCountry "USA"]
[WhiteElo "2061"]
[WhiteRD "62"]
[BlackElo "1871"]
[BlackRD "53"]
[GameID "59912"]

1. d4 Nf6 2. c4 Nc6 3. Nf3 d5 4. Nc3 Bg4 5. cxd5 Nxd5 6. e4 Ndb4 7. a3 Nxd4 8. axb4 Nxf3+ 9. gxf3 Qxd1+ 10. Nxd1 Bxf3
11. Rg1 Bxe4 12. Nc3
1-0

[Event "Black Knights' Tango"]
[Site "SchemingMind.com"]
[Date "2006.07.15"]
[Round "-"]
[White "Erhaem"]
[Black "Rotceh"]
[Result "1-0"]
[WhiteCountry "NED"]
[BlackCountry "MEX"]
[WhiteElo "2013"]
[WhiteRD "61"]
[BlackElo "1560"]
[BlackRD "74"]
[GameID "59913"]

1. d4 Nf6 2. c4 Nc6 3. Nf3 d6 4. Nc3 Bg4 5. d5 Bxf3 6. exf3 Ne5 7. Be2 Qd7 8. O-O e6 9. Qb3 b6 10. f4 Ng6
11. c5 bxc5 12. Bb5
1-0

[Event "Black Knights' Tango"]
[Site "SchemingMind.com"]
[Date "2006.07.15"]
[Round "-"]
[White "Erhaem"]
[Black "cnile"]
[Result "1-0"]
[WhiteCountry "NED"]
[BlackCountry "SCO"]
[WhiteElo "2061"]
[WhiteRD "62"]
[BlackElo "1406"]
[BlackRD "80"]
[GameID "59914"]

1. d4 Nf6 2. c4 Nc6 3. Nf3 e6 4. Nc3 Bb4 5. Bg5 O-O 6. d5 Bxc3+ 7. bxc3 exd5 8. cxd5 Nb8 9. Qd4 d6 10. Bxf6 Qxf6
11. Qxf6 gxf6 12. Nd4 Nd7 13. e3 Nc5 14. Rb1 Bg4 15. Be2 f5 16. h3 Bh5 17. Bxh5 Ne4 18. Rxb7 Nxc3 19. Kd2 Ne4+ 20. Kc2 Rab8
21. Rhb1 Rxb7 22. Rxb7 Nc5 23. Rxa7
1-0

[Event "Black Knights' Tango"]
[Site "SchemingMind.com"]
[Date "2006.07.16"]
[Round "-"]
[White "iluvatar"]
[Black "Erhaem"]
[Result "0-1"]
[WhiteCountry "USA"]
[BlackCountry "NED"]
[WhiteElo "1608"]
[WhiteRD "100"]
[BlackElo "2061"]
[BlackRD "62"]
[GameID "59915"]

1. d4 Nf6 2. c4 Nc6 3. Nc3 e5 4. d5 Ne7 5. Bg5 Ng6 6. a3 h6 7. Bxf6 Qxf6 8. e4 Bc5 9. Nf3 O-O 10. Be2 d6
11. b4 Bb6 12. a4 Nf4 13. O-O a5 14. b5 Bd4 15. Rc1 Qg6 16. g3 Bxc3 17. Rxc3 Nh3+ 18. Kg2 Qxe4 19. Qd3 Ng5 20. h4 Bh3+
0-1

[Event "Black Knights' Tango"]
[Site "SchemingMind.com"]
[Date "2006.07.16"]
[Round "-"]
[White "Brendan Joseph Birt"]
[Black "Erhaem"]
[Result "0-1"]
[WhiteCountry "USA"]
[BlackCountry "NED"]
[WhiteElo "1858"]
[WhiteRD "90"]
[BlackElo "2072"]
[BlackRD "63"]
[GameID "59916"]

1. d4 Nf6 2. c4 Nc6 3. Nc3 e5 4. d5 Ne7 5. e4 Ng6 6. Nf3 Bc5 7. Be2 O-O 8. O-O d6 9. Bg5 Bd7 10. Na4 Bd4
11. Nxd4 exd4 12. b3 h6 13. Bxf6 Qxf6 14. Nb2 Rfe8 15. f3 h5 16. Nd3 h4 17. Qd2 h3 18. g3 c5 19. Rf2 b6 20. Bf1 Rad8
21. Re1 Re7 22. f4 Bg4 23. e5 Qf5 24. exd6 Rxd6 25. Rxe7 Nxe7 26. Ne5 Bh5 27. Be2 Bxe2 28. Rxe2 f6 29. Nd3 Kf7 30. Qe1 Nxd5
31. Ne5+ fxe5 32. Rxe5 Qc2 33. Re2 Re6 34. Rxc2 Rxe1+ 35. Kf2 Ne3
0-1

[Event "Black Knights' Tango"]
[Site "SchemingMind.com"]
[Date "2006.07.16"]
[Round "-"]
[White "MatdeInverses"]
[Black "Erhaem"]
[Result "0-1"]
[WhiteCountry "USA"]
[BlackCountry "NED"]
[WhiteElo "1871"]
[WhiteRD "53"]
[BlackElo "2061"]
[BlackRD "62"]
[GameID "59917"]

1. d4 Nf6 2. c4 Nc6 3. Nf3 e6 4. a3 d5 5. Bg5 Be7 6. Nc3 O-O 7. e3 Ne4 8. Bxe7 Qxe7 9. Qc2 Nxc3 10. Qxc3 Rd8
11. Rc1 a5
0-1

[Event "Black Knights' Tango"]
[Site "SchemingMind.com"]
[Date "2006.07.17"]
[Round "-"]
[White "Rotceh"]
[Black "Erhaem"]
[Result "0-1"]
[WhiteCountry "MEX"]
[BlackCountry "NED"]
[WhiteElo "1605"]
[WhiteRD "65"]
[BlackElo "2061"]
[BlackRD "62"]
[GameID "59918"]

1. d4 Nf6 2. c4 Nc6 3. e3 e6 4. Nc3 d5 5. cxd5 Nxd5 6. Nxd5 Qxd5 7. Nf3 e5 8. Nxe5 Nxe5 9. dxe5 Qxe5 10. a3 Bd7
11. Be2 O-O-O 12. O-O Bb5 13. Qc2 Bxe2 14. Qxe2 Bd6 15. Qg4+ f5 16. Qf4 Qb5 17. Qg5 Bxh2+ 18. Kxh2 Qxf1 19. Qxf5+ Kb8 20. f3 Rd1
0-1

[Event "Black Knights' Tango"]
[Site "SchemingMind.com"]
[Date "2006.07.16"]
[Round "-"]
[White "cnile"]
[Black "Erhaem"]
[Result "0-1"]
[WhiteCountry "SCO"]
[BlackCountry "NED"]
[WhiteElo "1476"]
[WhiteRD "77"]
[BlackElo "2072"]
[BlackRD "63"]
[GameID "59919"]

1. d4 Nf6 2. c4 Nc6 3. Nf3 e6 4. Bg5 h6 5. Bh4 Bb4+ 6. Nbd2 g5 7. Bg3 Ne4 8. e3 g4 9. Bh4 gxf3 10. Bxd8 Bxd2+
11. Qxd2 Nxd2 12. Bxc7 fxg2 13. Bxg2 Nxc4 14. O-O Nxb2 15. Rab1 Nc4 16. Rfe1 d5 17. Bg3 h5 18. Bh4 a5 19. Bf3 Nd2 20. Be2 Nxb1
21. Rxb1 Nb4 22. Kf1 Nxa2 23. Bb5+ Kf8 24. Bf6 Rh6 25. Be5 Nc3 26. Rb3 Nxb5 27. Rxb5 Ke7
0-1